| 000 | 00356pab a2200133 454500 | ||
|---|---|---|---|
| 008 | 180718b xxu||||| |||| 00| 0 eng d | ||
| 100 | _aNinan K.N. | ||
| 245 | _aGrowth and instability in Asian agriculture | ||
| 362 | _a35(2), Jul-Sep 1994, p.307-13 | ||
| 650 | _aAgriculture -- Asia | ||
| 700 | _aChandrashekar H. | ||
| 773 | _aProductivity | ||
| 909 | _a27713 | ||
| 999 |
_c27713 _d27713 |
||